| 000 | 00905 a2200289 4500 | ||
|---|---|---|---|
| 999 |
_c200421549 _d37891 |
||
| 001 | 200421549 | ||
| 003 | TR-AnTOB | ||
| 005 | 20240827141734.0 | ||
| 008 | 150310s tu 000 0 | ||
| 020 | _a9786059897013 | ||
| 040 |
_aTR-AnTOB _cTR-AnTOB |
||
| 041 | 0 | _atur | |
| 050 | 0 | 0 |
_aJQ1809.A8 _bC24 2014 |
| 090 | _aJQ1809.A8. C24 2014 | ||
| 100 | 1 |
_aÇakmak, Fevzi, _d1981- _9104789 |
|
| 245 | 1 | 0 |
_aBursa yerelinde Cumhuriyet Halk Partisi (1946-1960) / _cFevzi Çakmak. |
| 264 |
_aBursa : _bNilüfer Belediyesi, _c2014. |
||
| 300 |
_a438 pages _billustration _c23 cm. |
||
| 336 |
_atext _2rdacontent _btxt |
||
| 337 |
_aunmediated _2rdamedia _bn |
||
| 338 |
_avolume _2rdacarrier _bnc |
||
| 504 | _aIncludes bibliographical references and index | ||
| 610 | 2 |
_aCumhuriyet Halk Partisi (Türkiye) _926643 |
|
| 650 | 0 | 0 |
_aSiyasal partiler _zTürkiye _zBursa _9104791 |
| 942 |
_cBK _2lcc |
||